000 00473nam a2200181Ia 4500
001 2290
005 20260306144756.0
008 260306t2013||||xx |||||||||||||| ||spa||
041 _aESP
082 _a616.85509
_bM42
100 _aMendizabal de la Cruz, Nieves
_eAUT
245 0 _aGuía práctica para la elaboración de informes logopédicos
260 _c2013
300 _aix, 131 páginas :
_c24 cm.
650 _aGEN
654 _aCPS
942 _cLIB
_dJUS
_fJUS
_2ddc
_n
999 _c2290
_d2290